Marvel Superheroes A-Z (SUPER EASY) - Statistics

General Stats
  • This quiz has been taken 79 times
  • The average score is 30 of 60
Answer Stats
Letter Superhero % Correct
I Iron Man
90%
H Hulk
87%
S Spider-Man
87%
S Spider-Man (Miles Morales)
87%
C Captain America
85%
T Thor
84%
A Ant-Man
81%
B Black Widow
74%
H Hawkeye
73%
B Black Panther
69%
D Doctor Strange
69%
S Scarlet Witch
66%
W Wolverine
66%
S Star-lord
63%
G Groot
61%
H Human Torch
61%
C Captain Marvel
60%
D Drax the Destroyer
60%
G Gamora
60%
M Mister Fantastic
60%
T Thing
60%
V Vision
60%
D Deadpool
55%
R Rocket Raccoon
55%
C Cyclops
53%
F Falcon
53%
I Invisible Woman
53%
Q Quicksilver
53%
D Daredevil
52%
P Professor X
52%
W Wasp
52%
W Winter Soldier
50%
M Mantis
47%
S Storm
47%
W War Machine
45%
B Beast
44%
N Nick Fury
44%
I Iron Fist
42%
M Marvel Girl (Jean Grey)
42%
I Iceman
40%
L Luke Cage / Power Man
39%
M Moon Knight
39%
M Ms. Marvel
39%
R Rogue
39%
S She-Hulk
39%
A Angel
35%
N Nightcrawler
32%
Y Yondu
32%
S Spider-Woman
31%
P Punisher
29%
C Colossus
27%
E Elektra
26%
N Namor the Sub-Mariner
24%
S Silver Surfer
24%
S Spider-Gwen
23%
E Emma Frost
15%
K Kitty Pryde
15%
X X-23
15%
M Man-Thing
10%
H Howard the Duck
6%
No matching quizzes found
Score Distribution
Percent of People with Each Score
Percentile by Number Answered
Your Score History
You have not taken this quiz